| 000 | 004400000a22001690004500 | ||
|---|---|---|---|
| 003 | MACL | ||
| 005 | 20151218142745.0 | ||
| 008 | 151218b xxu||||| |||| 00| 0 eng d | ||
| 040 |
_aMACL _cMACL |
||
| 041 | _aEnglish | ||
| 082 | _a030/HAM | ||
| 100 |
_aHammerton, Sir John _921172 |
||
| 245 |
_aThe New Universal Encyclopedia _bVol 9 |
||
| 260 | _bThe Educational Book Co Ltd | ||
| 650 |
_aEncyclopaedia _921173 |
||
| 942 |
_cBK _k030/HAM _2ddc |
||
| 999 |
_c40568 _d40568 |
||